[Event "Veliko Gradiste Silver Lake op-A"]
[Site "Veliko Gradiste"]
[Date "2023.06.22"]
[Round "6"]
[White "Kovacevic, Predrag"]
[Black "Simhadri, Sai Hrushikesh"]
[Result "1-0"]
[WhiteElo "2289"]
[BlackElo "1826"]
[PlyCount "89"]
[EventDate "2023.06.18"]
[EventType "swiss"]
[EventRounds "9"]
[EventCountry "SRB"]
[SourceTitle "CBM 215 Extra"]
[Source "ChessBase"]
[SourceDate "2023.09.30"]
[SourceVersion "1"]
[SourceVersionDate "2023.09.30"]
[SourceQuality "1"]

1. e4 c5 2. Nf3 d6 3. c3 Nf6 4. h3 Nc6 5. d3 g6 6. Be2 Bg7 7. Nbd2 0-0 8. 0-0 Re8 9. Re1 e5 10. a3 a5 11. a4 h6 12. Bf1 Be6 13. Nc4 Qc7 14. Bd2 d5 15. Na3 Rad8 16. Qc2 g5 17. Nh2 Qd7 18. exd5 Nxd5 19. Nc4 Bf5 20. Rad1 Qe6 21. Qb3 Rd7 22. Qb5 b6 23. Nf3 f6 24. d4 e4 25. dxc5 Nc7 26. Qb3 bxc5 27. Qa3 Rb8 28. Nh2 Bf8 29. Be3 Rd5 30. Be2 Kg7 31. Rxd5 Qxd5 32. Rd1 Nd4 33. cxd4 cxd4 34. Qa2 d3 35. Bf1 Na6 36. b3 Be6 37. f3 Nb4 38. Qf2 Bf5 39. fxe4 Bxe4 40. Bd4 Be7 41. Ng4 Rf8 42. Nge3 Qe6 43. Bc3 Nc2 44. Bxd3 Bc5 45. Qxc2 1-0

[Event "Veliko Gradiste Silver Lake op-A"]
[Site "Veliko Gradiste"]
[Date "2023.06.18"]
[Round "1"]
[White "Preobrazhenskaya, Diana"]
[Black "Kovacevic, Predrag"]
[Result "1-0"]
[WhiteElo "1936"]
[BlackElo "2289"]
[PlyCount "115"]
[EventDate "2023.06.18"]
[EventType "swiss"]
[EventRounds "9"]
[EventCountry "SRB"]
[SourceTitle "CBM 215 Extra"]
[Source "ChessBase"]
[SourceDate "2023.09.30"]
[SourceVersion "1"]
[SourceVersionDate "2023.09.30"]
[SourceQuality "1"]

1. e4 g6 2. d4 Bg7 3. Nf3 d6 4. Nc3 a6 5. Be2 b5 6. 0-0 Bb7 7. a3 Nd7 8. Re1 c5 9. Bf1 cxd4 10. Nxd4 Ngf6 11. Nb3 0-0 12. f4 Qc7 13. Qe2 e5 14. g3 Rae8 15. Bg2 Kh8 16. Qf1 Ng4 17. h3 Ngf6 18. f5 Nh5 19. g4 Nf4 20. Bxf4 exf4 21. Qxf4 Be5 22. Qd2 Nb6 23. Na5 Ba8 24. Rad1 Qd8 25. Qf2 Qc7 26. Rd3 Rc8 27. Re2 Nc4 28. Nxc4 bxc4 29. Rf3 f6 30. Re1 g5 31. h4 Rg8 32. Rh3 Qc5 33. Qxc5 Rxc5 34. hxg5 Rxg5 35. Bf3 Rc8 36. Nd1 Bd4+ 37. Kg2 Rd8 38. c3 Bc5 39. Kf1 Rg7 40. Rh2 Re7 41. Rhe2 Kg7 42. Nf2 Bxf2 43. Kxf2 Rb8 44. Rd1 Rb6 45. Rdd2 Re5 46. Kg3 h6 47. Rd4 Rc5 48. Red2 Re5 49. Rxc4 h5 50. gxh5 Kh6 51. Kf4 Re7 52. Rg2 Rg7 53. Rxg7 Kxg7 54. Rc7+ Kh6 55. Rf7 d5 56. exd5 Rxb2 57. Rxf6+ Kg7 58. Rxa6 1-0

[Event "Belgrade-chT Quality"]
[Site "Belgrade"]
[Date "2022.10.03"]
[Round "3.3"]
[White "Kovacevic, Predrag"]
[Black "Savic, Mihailo S"]
[Result "1-0"]
[WhiteElo "2321"]
[BlackElo "2146"]
[PlyCount "76"]
[EventDate "2022.10.01"]
[EventType "team-tourn"]
[EventRounds "11"]
[EventCountry "SRB"]
[SourceTitle "CBM 210 Extra"]
[Source "ChessBase"]
[SourceDate "2022.11.30"]
[SourceVersion "1"]
[SourceVersionDate "2022.11.30"]
[SourceQuality "1"]
[WhiteTeam "Belgrade Mladenovac"]
[BlackTeam "Belgrade Belgrade"]
[WhiteTeamCountry "SRB"]
[BlackTeamCountry "SRB"]

1. e4 c5 2. Nc3 Nc6 3. f4 e6 4. Bb5 Nd4 5. Nf3 a6 6. Bd3 Ne7 7. Nxd4 cxd4 8. Ne2 Nc6 9. 0-0 Be7 10. a3 0-0 11. b4 d6 12. Ng3 Bh4 13. Qf3 e5 14. f5 Qg5 15. Bc4 Bxg3 16. hxg3 h5 17. d3 Qg4 18. Qxg4 hxg4 19. Bg5 Re8 20. Kf2 Ne7 21. Bxe7 Rxe7 22. Rh1 Rc7 23. Rh4 d5 24. Rah1 Kf8 25. exd5 Ke7 26. Rh8 e4 27. Ke2 b5 28. Bb3 e3 29. R1h4 Kf6 30. Rd8 Rd7 31. Rg8 Re7 32. Rhh8 Rc7 33. Rd8 Ke5 34. d6 Rc3 35. d7 Bxd7 36. Rxa8 Bxf5 37. Rhe8+ Kd6 38. Rad8+ Bd7 1-0

[Event "Belgrade tt Cup"]
[Site "Belgrade"]
[Date "2003.04.06"]
[Round "3"]
[White "Kovacevic, Predrag"]
[Black "Rakic, Marija"]
[Result "1-0"]
[WhiteElo "2389"]
[BlackElo "1956"]
[PlyCount "67"]
[EventDate "2003.04.04"]
[EventType "team"]
[EventRounds "5"]
[EventCountry "YUG"]
[SourceTitle "CBM 093 Extra"]
[Source "ChessBase"]
[SourceDate "2003.05.09"]
[SourceVersion "1"]
[SourceVersionDate "2003.05.09"]
[SourceQuality "1"]

1. e4 Nf6 2. d3 e5 3. Nf3 Nc6 4. c3 d5 5. Nbd2 Bc5 6. Be2 0-0 7. b4 Bd6 8. a3 dxe4 9. dxe4 b6 10. 0-0 Bb7 11. Qc2 a5 12. Bb2 Qe7 13. Rfe1 Nd8 14. Bf1 Bc6 15. Nc4 Nb7 16. Bd3 Bd7 17. Nxd6 cxd6 18. Nd2 b5 19. Nf1 g6 20. Qe2 Qe8 21. Qe3 Qd8 22. Rad1 Qc7 23. Qg5 Nh5 24. Ne3 Nf4 25. Bf1 f6 26. Qh6 Bc6 27. g3 Nh5 28. Nd5 Bxd5 29. Rxd5 axb4 30. cxb4 Qc2 31. Rd2 Qc6 32. Rc1 Qxe4 33. Bg2 Qf5 34. Bxb7 1-0

[Event "YUG-chT"]
[Site "Tivat"]
[Date "1995.??.??"]
[Round "7"]
[White "Kovacevic, Predrag"]
[Black "Kostic, V Vladimir"]
[Result "0-1"]
[WhiteElo "2405"]
[BlackElo "2330"]
[PlyCount "110"]
[EventDate "1995.??.??"]
[EventType "team-swiss"]
[EventRounds "11"]
[EventCountry "YUG"]
[SourceTitle "CBM 048 Extra"]
[Source "ChessBase"]
[SourceDate "1995.11.01"]
[SourceVersion "1"]
[SourceVersionDate "1995.11.01"]
[SourceQuality "1"]

1. e4 d6 2. Nc3 g6 3. d4 Nf6 4. f4 Bg7 5. Nf3 c5 6. dxc5 Qa5 7. Bb5+ Bd7 8. Qe2 Nxe4 9. Bxd7+ Nxd7 10. Qxe4 Bxc3+ 11. bxc3 Qxc3+ 12. Kf2 Qxa1 13. Qxb7 Rb8 14. Qxa7 Qb1 15. cxd6 Qb6+ 16. Qxb6 Nxb6 17. dxe7 Nc4 18. Nd4 Rc8 19. Ke2 Kxe7 20. Kd3 Rhd8 21. Re1+ Kf8 22. c3 Rd6 23. Re2 Ra6 24. g4 f6 25. h3 Kf7 26. Nb5 Ra5 27. Re4 Rxb5 28. Rxc4 Rxc4 29. Kxc4 Rb1 30. Be3 Ra1 31. Kb3 Rh1 32. a4 Ke6 33. Bd4 f5 34. a5 Ra1 35. Bb6 Kd5 36. c4+ Kc6 37. g5 Rh1 38. Bd4 Rxh3+ 39. Kb4 Rd3 40. Be5 Rd1 41. Bf6 Rf1 42. Be5 Rb1+ 43. Kc3 Ra1 44. Kb4 Rh1 45. Bg7 Rh4 46. Be5 h6 47. gxh6 Rxh6 48. a6 Kb6 49. c5+ Kxa6 50. c6 Kb6 51. c7 Kb7 52. Kc5 Kc8 53. Kd5 Kd7 54. c8Q+ Kxc8 55. Ke6 Rh4 0-1

[Event "YUG-chT"]
[Site "Tivat"]
[Date "1995.??.??"]
[Round "9"]
[White "Lazic, Miroljub"]
[Black "Kovacevic, Predrag"]
[Result "1-0"]
[WhiteElo "2420"]
[BlackElo "2405"]
[PlyCount "63"]
[EventDate "1995.??.??"]
[EventType "team-swiss"]
[EventRounds "11"]
[EventCountry "YUG"]
[SourceTitle "CBM 048 Extra"]
[Source "ChessBase"]
[SourceDate "1995.11.01"]
[SourceVersion "1"]
[SourceVersionDate "1995.11.01"]
[SourceQuality "1"]

1. e4 c5 2. d3 Nc6 3. g3 g6 4. Bg2 Bg7 5. Nc3 d6 6. Be3 b6 7. Qd2 Bb7 8. f4 Nf6 9. h3 0-0 10. Nf3 d5 11. Bf2 dxe4 12. dxe4 Nb4 13. 0-0-0 Bxe4 14. Qe2 Qe8 15. Nxe4 Nxa2+ 16. Kb1 Nxe4 17. Be1 Qa4 18. Ne5 Nxg3 19. Bxg3 Bxe5 20. fxe5 Rac8 21. c3 c4 22. Qc2 Qa6 23. Bf2 b5 24. Rd7 b4 25. Rxa7 Qb5 26. Bd4 Rfd8 27. Qa4 Qxa4 28. Rxa4 bxc3 29. Rd1 c2+ 30. Kxc2 c3 31. b3 Nc1 32. Rxc1 1-0

[Event "YUG-chT"]
[Site "Tivat"]
[Date "1995.??.??"]
[Round "2"]
[White "Mozetic, Dejan"]
[Black "Kovacevic, Predrag"]
[Result "1-0"]
[WhiteElo "2505"]
[BlackElo "2405"]
[PlyCount "53"]
[EventDate "1995.??.??"]
[EventType "team-swiss"]
[EventRounds "11"]
[EventCountry "YUG"]
[SourceTitle "CBM 048 Extra"]
[Source "ChessBase"]
[SourceDate "1995.11.01"]
[SourceVersion "1"]
[SourceVersionDate "1995.11.01"]
[SourceQuality "1"]

1. d4 Nf6 2. c4 d6 3. Nc3 Bf5 4. g3 e5 5. Bg2 exd4 6. Bxb7 dxc3 7. Bxa8 c6 8. bxc3 Nfd7 9. Qa4 Qc7 10. Be3 Nc5 11. Bxc5 dxc5 12. f3 h5 13. e4 Bc8 14. Ne2 Rh6 15. Rb1 Nd7 16. Bb7 Ne5 17. Bxc8 Nxf3+ 18. Kf2 Rf6 19. Nf4 Qxc8 20. Kxf3 g5 21. e5 gxf4 22. Rhe1 Rg6 23. Qxa7 Qg4+ 24. Kg2 Be7 25. Rb8+ Bd8 26. Qc7 Qg5 27. Rd1 1-0

[Event "YUG-chT"]
[Site "Tivat"]
[Date "1995.??.??"]
[Round "4"]
[White "Svicevic, Rastko"]
[Black "Kovacevic, Predrag"]
[Result "1/2-1/2"]
[WhiteElo "2265"]
[BlackElo "2405"]
[PlyCount "35"]
[EventDate "1995.??.??"]
[EventType "team-swiss"]
[EventRounds "11"]
[EventCountry "YUG"]
[SourceTitle "CBM 048 Extra"]
[Source "ChessBase"]
[SourceDate "1995.11.01"]
[SourceVersion "1"]
[SourceVersionDate "1995.11.01"]
[SourceQuality "1"]

1. e4 c5 2. Nf3 Nc6 3. d4 cxd4 4. Nxd4 Qb6 5. Nb5 a6 6. Be3 Qd8 7. Nd4 e5 8. Nf3 Nf6 9. Bc4 Qa5+ 10. Nbd2 Nxe4 11. 0-0 Nxd2 12. Bxd2 Qc5 13. Qe2 Be7 14. b4 Nxb4 15. Nxe5 0-0 16. Bxb4 Qxb4 17. Qh5 d5 18. Bxd5 1/2-1/2

[Event "YUG-chT"]
[Site "Igalo"]
[Date "1994.??.??"]
[Round "1"]
[White "Kovacevic, Predrag"]
[Black "Barlov, Dragan"]
[Result "1/2-1/2"]
[WhiteElo "2400"]
[BlackElo "2500"]
[PlyCount "92"]
[EventDate "1994.??.??"]
[EventType "team"]
[EventRounds "9"]
[EventCountry "YUG"]
[SourceTitle "EXT 2002"]
[Source "ChessBase"]
[SourceDate "2001.11.25"]
[SourceVersion "1"]
[SourceVersionDate "2001.11.25"]
[SourceQuality "1"]

1. e4 g6 2. Nc3 Bg7 3. f4 d6 4. Nf3 c6 5. d4 Qb6 6. Bc4 Nh6 7. Bb3 Bg4 8. Be3 d5 9. Qd2 dxe4 10. Ne5 f6 11. Nxg4 Nxg4 12. Nxe4 Na6 13. Bg1 Nh6 14. 0-0-0 0-0-0 15. Be3 Kb8 16. d5 Qb4 17. Qxb4 Nxb4 18. dxc6 Nxc6 19. Nc5 Nf5 20. Bf2 Bh6 21. Ne6 Rxd1+ 22. Rxd1 Ng7 23. Nxg7 Bxg7 24. Be6 Bh6 25. g3 Nd8 26. Re1 g5 27. f5 g4+ 28. Be3 Bxe3+ 29. Rxe3 Nc6 30. c4 Ne5 31. Rb3 Kc7 32. a4 b6 33. Bd5 Kd6 34. Kd2 h5 35. a5 bxa5 36. Ke3 Re8 37. Kd4 Nc6+ 38. Bxc6 Kxc6 39. Re3 Rd8+ 40. Kc3 Rd7 41. Re6+ Kc7 42. b3 Kb8 43. Re1 Rc7 44. Kd4 Rb7 45. Kc3 Rc7 46. Kd4 Rb7 1/2-1/2

[Event "YUG-chT Cup"]
[Site "Becici"]
[Date "1994.??.??"]
[Round "?"]
[White "Tesic, Dragan"]
[Black "Kovacevic, Predrag"]
[Result "0-1"]
[WhiteElo "2305"]
[BlackElo "2400"]
[PlyCount "62"]
[EventDate "1994.??.??"]
[EventType "team"]
[EventRounds "6"]
[EventCountry "YUG"]
[SourceTitle "EXT 2000"]
[Source "ChessBase"]
[SourceDate "1999.11.16"]
[SourceVersion "1"]
[SourceVersionDate "1999.11.16"]
[SourceQuality "1"]

1. d4 Nf6 2. c4 d6 3. Nc3 Nbd7 4. Nf3 c6 5. e4 e5 6. Be2 Be7 7. 0-0 0-0 8. d5 cxd5 9. cxd5 a6 10. a4 a5 11. Nd2 Ne8 12. Ra3 Bg5 13. g3 Bh6 14. Kh1 Nc5 15. Nc4 Bxc1 16. Qxc1 Bh3 17. Rd1 f5 18. exf5 Bxf5 19. Qe3 Rc8 20. f3 Rf7 21. Ne4 Bxe4 22. fxe4 Nf6 23. Nd2 Qd7 24. b3 Ng4 25. Bxg4 Qxg4 26. Re1 Rcf8 27. Re2 Rf3 28. Nxf3 Rxf3 29. Qd2 Nxe4 30. Qe1 Nxg3+ 31. hxg3 Qh3+ 0-1

[Event "YUG-chT"]
[Site "Igalo"]
[Date "1994.??.??"]
[Round "2"]
[White "Vujosevic, Vladimir"]
[Black "Kovacevic, Predrag"]
[Result "1-0"]
[WhiteElo "2355"]
[BlackElo "2400"]
[PlyCount "83"]
[EventDate "1994.??.??"]
[EventType "team"]
[EventRounds "9"]
[EventCountry "YUG"]
[SourceTitle "EXT 2002"]
[Source "ChessBase"]
[SourceDate "2001.11.25"]
[SourceVersion "1"]
[SourceVersionDate "2001.11.25"]
[SourceQuality "1"]

1. e4 c5 2. Nf3 Nc6 3. Bb5 d6 4. c3 Bd7 5. h3 a6 6. Ba4 Nf6 7. Qe2 b5 8. Bc2 Qb6 9. 0-0 e5 10. Rd1 Be7 11. d3 0-0 12. Nbd2 Qc7 13. Nf1 d5 14. Ng3 d4 15. cxd4 cxd4 16. Bg5 h6 17. Bd2 Be6 18. Rdc1 Rfc8 19. Nf5 Bf8 20. Nh2 Qd7 21. g4 Nb4 22. Bxb4 Bxb4 23. Nf3 Bd6 24. Qd1 Nh7 25. Kh2 Nf8 26. N3h4 Rc5 27. Bb3 Rac8 28. Rxc5 Rxc5 29. Rc1 Bxb3 30. axb3 Ne6 31. Rxc5 Bxc5 32. Qc1 Bb4 33. Nf3 f6 34. Qc2 Kf7 35. h4 Nc5 36. g5 hxg5 37. hxg5 Qe6 38. gxf6 gxf6 39. Qd1 Nxb3 40. N3h4 Ke8 41. Ng7+ Ke7 42. Nxe6 1-0

[Event "YUG-chT"]
[Site "Cetinje"]
[Date "1993.??.??"]
[Round "?"]
[White "Nikolic, Zivoslav"]
[Black "Kovacevic, Predrag"]
[Result "1-0"]
[WhiteElo "2485"]
[BlackElo "2395"]
[PlyCount "43"]
[EventDate "1993.??.??"]
[EventType "team"]
[EventRounds "11"]
[EventCountry "YUG"]
[SourceTitle "EXT 2002"]
[Source "ChessBase"]
[SourceDate "2001.11.25"]
[SourceVersion "1"]
[SourceVersionDate "2001.11.25"]
[SourceQuality "1"]

1. e4 c5 2. f4 Nc6 3. Nf3 g6 4. Bb5 Nd4 5. Nxd4 cxd4 6. 0-0 Qb6 7. Ba4 e6 8. f5 d3+ 9. Kh1 Bd6 10. Nc3 Qc5 11. fxe6 fxe6 12. cxd3 Qe5 13. g3 a6 14. b4 b5 15. Bb2 Qg5 16. Qf3 Bb7 17. Nxb5 axb5 18. Bxh8 Rxa4 19. Qf7+ Kd8 20. Qxg8+ Kc7 21. Bf6 Qxd2 22. Qd8+ 1-0

[Event "Belgrade-B"]
[Site "Belgrade"]
[Date "1990.??.??"]
[Round "8"]
[White "Kovacevic, Predrag"]
[Black "Andonov, Bogomil"]
[Result "0-1"]
[WhiteElo "2400"]
[BlackElo "2360"]
[PlyCount "52"]
[EventDate "1990.??.??"]
[EventType "tourn"]
[EventRounds "13"]
[EventCountry "YUG"]
[EventCategory "3"]
[SourceTitle "EXT 1997"]
[Source "ChessBase"]
[SourceDate "1996.11.15"]
[SourceVersion "1"]
[SourceVersionDate "1996.11.15"]
[SourceQuality "1"]

1. e4 d6 2. Nf3 Nf6 3. Nc3 c6 4. a4 Bg4 5. h3 Bh5 6. Be2 e6 7. d4 d5 8. exd5 cxd5 9. g4 Bg6 10. Ne5 Nfd7 11. h4 Nxe5 12. h5 Bxc2 13. Qxc2 Nec6 14. Be3 Nb4 15. Qd2 N8c6 16. 0-0-0 Qd7 17. g5 0-0-0 18. Kb1 Kb8 19. Bg4 a6 20. Qe2 Bd6 21. Rh3 f5 22. gxf6 gxf6 23. Bh6 f5 24. Bf3 Qf7 25. Qd2 f4 26. Bg4 Qf6 0-1

[Event "Belgrade-B"]
[Site "Belgrade"]
[Date "1990.??.??"]
[Round "13"]
[White "Kovacevic, Predrag"]
[Black "Arkhipov, Sergey"]
[Result "1-0"]
[WhiteElo "2400"]
[BlackElo "2440"]
[PlyCount "71"]
[EventDate "1990.??.??"]
[EventType "tourn"]
[EventRounds "13"]
[EventCountry "YUG"]
[EventCategory "3"]
[SourceTitle "EXT 1997"]
[Source "ChessBase"]
[SourceDate "1996.11.15"]
[SourceVersion "1"]
[SourceVersionDate "1996.11.15"]
[SourceQuality "1"]

1. e4 e6 2. d4 d5 3. Nc3 Bb4 4. e5 Ne7 5. a3 Bxc3+ 6. bxc3 b6 7. Nf3 Ba6 8. Bxa6 Nxa6 9. Ng5 Nb8 10. Qh5 Ng6 11. f4 Qd7 12. 0-0 Nc6 13. g4 Nce7 14. a4 f5 15. Ba3 c5 16. a5 h6 17. Nh3 fxg4 18. f5 0-0 19. fxg6 gxh3 20. Rf7 Qe8 21. dxc5 Rxf7 22. gxf7+ Qxf7 23. Qxf7+ Kxf7 24. cxb6 axb6 25. axb6 Nc6 26. Rf1+ Kg6 27. Bd6 Ra2 28. Rb1 Rxc2 29. b7 Rg2+ 30. Kf1 Rxh2 31. Rb6 Rc2 32. Kg1 d4 33. Rxc6 d3 34. b8Q d2 35. Qb1 h2+ 36. Kh1 1-0

[Event "Belgrade-B"]
[Site "Belgrade"]
[Date "1990.??.??"]
[Round "2"]
[White "Kovacevic, Predrag"]
[Black "Kostadinov, Rumen"]
[Result "1/2-1/2"]
[WhiteElo "2400"]
[BlackElo "2250"]
[PlyCount "33"]
[EventDate "1990.??.??"]
[EventType "tourn"]
[EventRounds "13"]
[EventCountry "YUG"]
[EventCategory "3"]
[SourceTitle "EXT 1997"]
[Source "ChessBase"]
[SourceDate "1996.11.15"]
[SourceVersion "1"]
[SourceVersionDate "1996.11.15"]
[SourceQuality "1"]

1. e4 g6 2. d4 c6 3. Nc3 d5 4. Nf3 Bg7 5. h3 Nh6 6. Bf4 f6 7. Bxb8 Rxb8 8. exd5 cxd5 9. Bb5+ Kf7 10. g4 Rf8 11. Qe2 e6 12. 0-0-0 Kg8 13. Kb1 a6 14. Bd3 b5 15. Qe3 Qd6 16. Rhe1 Bd7 17. Ne2 1/2-1/2

[Event "Bela Crkva op"]
[Site "Bela Crkva"]
[Date "1990.??.??"]
[Round "5"]
[White "Kovacevic, Predrag"]
[Black "Kostic, Nebojsa"]
[Result "1-0"]
[WhiteElo "2400"]
[BlackElo "2345"]
[PlyCount "72"]
[EventDate "1990.??.??"]
[EventType "swiss"]
[EventRounds "9"]
[EventCountry "YUG"]
[SourceTitle "EXT 1997"]
[Source "ChessBase"]
[SourceDate "1996.11.15"]
[SourceVersion "1"]
[SourceVersionDate "1996.11.15"]
[SourceQuality "1"]

1. e4 Nc6 2. Nf3 d6 3. d4 Nf6 4. Nc3 Bg4 5. Be3 e6 6. h3 Bh5 7. d5 exd5 8. exd5 Ne5 9. g4 Nxf3+ 10. Qxf3 Bg6 11. 0-0-0 Be7 12. Qg2 Nd7 13. f4 f5 14. g5 0-0 15. Qf3 Rc8 16. h4 a6 17. h5 Be8 18. Bc4 b5 19. Bb3 Nb6 20. Qe2 b4 21. h6 g6 22. Bd4 bxc3 23. Bxc3 Bxg5 24. fxg5 Qxg5+ 25. Kb1 f4 26. Qf3 Bd7 27. Rdg1 Qf5 28. Rh5 Qf7 29. Qd3 f3 30. Rhg5 Bf5 31. Qd4 Qf6 32. Qxf6 Rxf6 33. Bxf6 Kf7 34. Bd4 Nd7 35. Rxf5+ gxf5 36. Rg7+ Kf8 1-0

[Event "Belgrade-B"]
[Site "Belgrade"]
[Date "1990.??.??"]
[Round "10"]
[White "Kovacevic, Predrag"]
[Black "Vasiljevic, Dragan"]
[Result "1/2-1/2"]
[WhiteElo "2400"]
[BlackElo "2315"]
[PlyCount "73"]
[EventDate "1990.??.??"]
[EventType "tourn"]
[EventRounds "13"]
[EventCountry "YUG"]
[EventCategory "3"]
[SourceTitle "EXT 1997"]
[Source "ChessBase"]
[SourceDate "1996.11.15"]
[SourceVersion "1"]
[SourceVersionDate "1996.11.15"]
[SourceQuality "1"]

1. e4 e6 2. d4 d5 3. Nc3 Nf6 4. e5 Nfd7 5. f4 c5 6. Nf3 Nc6 7. Be3 a6 8. Qd2 b5 9. dxc5 b4 10. Na4 Qa5 11. Nb6 Nxb6 12. cxb6 Bc5 13. Bxc5 Qxc5 14. Bd3 Rb8 15. Qf2 Qxb6 16. Qxb6 Rxb6 17. Kd2 Ke7 18. Ke3 Bd7 19. h4 h5 20. Rag1 g6 21. g4 hxg4 22. Rxg4 Na5 23. h5 gxh5 24. Rg7 Nc4+ 25. Bxc4 dxc4 26. Ng5 Be8 27. Kd4 b3 28. cxb3 cxb3 29. a3 h4 30. Rh3 a5 31. Ne4 a4 32. Rg4 Rc6 33. Nc5 Rc8 34. Rhxh4 Rd8+ 35. Kc3 Rxh4 36. Rxh4 Rd1 37. f5 1/2-1/2